Реклама и связи с общественностью: традиции и инновации. Ч. 1 (Запись № 12202688)

Подробности
000 -МАРКЕР
контрольное поле 02279nam2a2200265 4500
001 - ИДЕНТИФИКАТОР ЗАПИСИ
контрольное поле RU\NLR\BIBL_A\011542475
005 - ИДЕНТИФИКАТОР ВЕРСИИ
контрольное поле 20250626090453.0
010 ## - МЕЖДУНАРОДНЫЙ СТАНДАРТНЫЙ НОМЕР КНИГИ (ISBN)
Номер (ISBN) 978-5-88814-528-9
021 ## - НОМЕР ГОСУДАРСТВЕННОЙ РЕГИСТРАЦИИ
Код страны Российская Федерация
Номер 2017-83835
Номер Листа государственной регистраци 6054
035 ## - ДРУГИЕ СИСТЕМНЫЕ НОМЕРА
Идентификатор записи (NLR Aleph) 011542475
100 ## - ДАННЫЕ ОБЩЕЙ ОБРАБОТКИ
Данные общей обработки 20171129d2017 |||y0rusy50 ca
101 0# - ЯЗЫК РЕСУРСА
Язык текста, звукозаписи и т.д. русский
-- английский
102 ## - СТРАНА ПУБЛИКАЦИИ ИЛИ ПРОИЗВОДСТВА
Страна публикации Российская Федерация
105 ## - ПОЛЕ КОДИРОВАННЫХ ДАННЫХ: ТЕКСТОВЫЕ МАТЕРИАЛЫ, МОНОГРАФИЧЕСКИЕ
Кодированные данные о монографическом текстовом документе a|||z|||110zy
200 0# - ЗАГЛАВИЕ И СВЕДЕНИЯ ОБ ОТВЕТСТВЕННОСТИ
Основное заглавие Ч. 1
210 ## - ПУБЛИКАЦИЯ, РАСПРОСТРАНЕНИЕ И ДР.
Дата издания, распространения и т.д. 2017
Место издания, распространения и т.д. Б. м.
215 ## - ФИЗИЧЕСКАЯ ХАРАКТЕРИСТИКА
Специфическое обозначение материала и объем 336 с.
Другие сведения о физической характеристике ил.
320 ## - ПРИМЕЧАНИЯ О НАЛИЧИИ В ДОКУМЕНТЕ БИБЛИОГРАФИИ / УКАЗАТЕЛЯ
Текст примечания Библиогр. в конце ст.
461 #0 - УРОВЕНЬ НАБОРА
Встроенное поле 001RU\NLR\BIBL_A\011550428
-- 2001#$aРеклама и связи с общественностью: традиции и инновации$dAdvertising and public relations: traditions and innovations$eтруды пятой юбилейной Международной научно-практической конференции, 14-15 сентября 2017 г.$fРосжелдор, Федеральное государственое бюджетное образовательное учреждение высшего образования "Ростовский государственный университет путей сообщения" (ФГУБОУ ВО РГУПС), [ООО "РГУПС - Эксмо"$gредколлегия: А.Н. Гуда (председатель) и др.]$zeng$vЧ. 1
Системный номер (АБИС) связанной записи 12241031
Место публикации Ростов-на-Дону
Дата публикации 2017
Первые сведения об ответственности Росжелдор, Федеральное государственое бюджетное образовательное учреждение высшего образования "Ростовский государственный университет путей сообщения" (ФГУБОУ ВО РГУПС), [ООО "РГУПС - Эксмо"
Параллельное заглавие Advertising and public relations: traditions and innovations
Имя издателя, распространителя и т.д. ФГБОУ ВО РГУПС
Сведения, относящиеся к заглавию труды пятой юбилейной Международной научно-практической конференции, 14-15 сентября 2017 г.
Заглавие Реклама и связи с общественностью: традиции и инновации
ISBN 9785888145289
Номер тома Ч. 1
942 ## - ДОПОЛНИТЕЛЬНЫЕ ЭЛЕМЕНТЫ ЗАПИСИ (АБИС)
Тип экземпляра АБИС Книга
980 ## - КОЛЛЕКЦИЯ
Название коллекции Национальная библиография
Экземпляры
Тип экземпляра Дата поступления Источник поступления Стоимость Библиотека постоянного хранения Библиотека текущего хранения Место хранения Шифр хранения Штрих-код Статус экземпляра
Книга 29.11.2017 Обязательный экземпляр 0.00 РНБ (Московский) РНБ (Московский) Русский книжный фонд: издания с 1957 года 2017-3/32852 1-2083874  
Книга 29.11.2017 Обязательный экземпляр 0.00 РНБ (Московский) РНБ (Московский) Русский книжный фонд: издания с 1957 года 2017-3/32852 1-2083875